000 00540nam a22001817a 4500
005 20251108170551.0
008 250721s1999 xx 000 0 ara d
082 1 4 _aم/ط/031.02/موس
100 1 _aصقر، جوزف
245 1 0 _aموسوعة ألفا :
_bأسئلة و أجوبة : معلومات عامة /
250 _aط1
264 1 _aنيويورك :
_bأديتوكريبس،
_c1999.
300 _a10مج
650 1 7 _aالموسوعات
650 1 7 _aالأسئلة و الأجوبة
942 _2ddc
_cBK
999 _c43702
_d43702